ALCA, el neoliberalismo americano /

Na minha lista:
Detalhes bibliográficos
Autor principal: Dutra, Olívio
Formato: Texto
Assuntos:
Tags: Adicionar Tag
Sem tags, seja o primeiro a adicionar uma tag!

MARC

LEADER 00000 a a2200000 04500
001 720
003
040
100 |a Dutra, Olívio  
245 |a ALCA, el neoliberalismo americano /  |c Olívio Dutra 
650 |a LIBRE COMERCIO  
650 |a ACUERDOS INTERNACIONALES  
650 |a COLONIALISMO  
650 |a COMERCIO EXTERIOR  
773 |g número 349; páginas 22  
999 |c 23400  |d 23400